| 000 | 00366nam a22001337a 4500 | ||
|---|---|---|---|
| 082 |
_a510 _bSAX _cL-3,p-2 |
||
| 100 |
_aSAXELBY F.M. _938905 |
||
| 245 | _aA COURSE IN PRACTICAL MATHEMATICS | ||
| 260 |
_aLondon _bLongmans, Green and Co. _c1947 |
||
| 526 |
_a0 _b0 _c0 _d510_000000000000000_SAX |
||
| 650 |
_aMCE _9379 |
||
| 700 |
_aF. M. SAXELBY _938906 |
||
| 942 |
_2ddc _cBK |
||
| 999 |
_c543521 _d543521 |
||